01575cam a22003854i 4500003000900000005001700009008004100026035002000067040003300087100003800120245012300158264001000281300002200291336002100313337002500334338002300359502005900382504002400441520056100465526001001026526001001036526000901046526000901055526000901064526000901073526000901082526000901091526000901100526000801109526000801117526000801125526000801133526000801141650004001149PE-LiUPU20250731165429.0160212s1993 pe a jrm 000 0 spa d a(Sirsi) a156117 aPE-LiUPUbspacPE-LiUPUerda1 aCruz Ucharico, Ana Maríaeautor1 aErrores gramaticales en el lenguaje escrito de algunos periódicos de Lima Metropolitana /Ana María Cruz Ucharico. 0c1993. a216 hojas c30 cm atext2rdacontent aunmediated2rdamedia avolume2rdacarrier aTesisb(Lic.) -- cUniversidad Peruana Unión,d1993. aIncluye referencias3 aEl Doctor Hernán Ramirez (miembro de la Academia Peruana de la Lengua) en la presentación que hace a Marco Ferrel de su libro "Manual de uso idiomático", expresa: como fuente principal de informaciones, la prensa escrita manifiesta permanente influencia en la sociedad contemporánea. Asimismo el profesor Humberto Santillán Arista expresa: "¡Cuánto daño hacen esos malos periodistas que, por desconocer la gramática y no estar habituados al manejo del diccionario, incurren en grandes errores que afectan a la pureza e índole del idioma. aSEG44 aSEG26 aP151 aP150 aP149 aP146 aP145 aP126 aP125 aP92 aP75 aP74 aP27 aP1504aPeriódicos peruanosxGramática.